Statistics for Alpine Countries

Click here to take the quiz!

General Stats

  • This quiz has been taken 3,201 times
  • The average score is 7 of 7

Answer Stats

Country % Correct
Switzerland
99%
Germany
99%
Italy
99%
France
99%
Austria
98%
Slovenia
84%
Liechtenstein
79%

Score Distribution

Percentile by Number Answered

Percent of People with Each Score

Your Score History

You have not taken this quiz